Memoria /
Guardat en:
| Autor principal: | |
|---|---|
| Altres autors: | |
| Format: | Desconegut |
| Publicat: |
San José:
Universidad de Costa Rica. Oficina de Publicaciones
|
| Matèries: | |
| Etiquetes: |
Afegir etiqueta
Sense etiquetes, Sigues el primer a etiquetar aquest registre!
|
MARC
| LEADER | 00000 a2200000 04500 | ||
|---|---|---|---|
| 001 | 10500 | ||
| 003 | |||
| 008 | 991231s d | ||
| 040 | |||
| 090 | |a 136502 | ||
| 100 | |a Bolaños Arquín, Margarita | ||
| 245 | |a Memoria / |c Margarita Bolaños Arquín | ||
| 260 | |a San José: |b Universidad de Costa Rica. Oficina de Publicaciones | ||
| 300 | |a 208 p. | ||
| 650 | |a DESARROLLO SUSTENTABLE | ||
| 650 | |a RECURSOS NATURALES | ||
| 650 | |a BOSQUES TROPICALES | ||
| 650 | |a POBLACION | ||
| 650 | |a CONSERVACION DE RECURSOS | ||
| 650 | |a PROYECTOS DE DESARROLLO | ||
| 700 | |a | ||
| 700 | |a Bolaños Arquín, Isabel | ||
| 700 | |a | ||
| 999 | |c 1626 |d 1626 | ||
